Trevas brancas ; Fechado aos Domingos ; A maçã de Adão ; Macacos no sótão (Registo nº 202438)

Detalhes MARC
000 -Etiqueta do registo
Valores 00857nam 22002293 4500
010 ## - Número ISBN
ISBN 972-20-1678-4
021 ## - Número do Depósito Legal
Código do país Portugal
Número 161 871/01
100 ## - Dados gerais de processamento
Dados gerais 20260602d u||y0pory50 ba
200 ## - Titulo e menção de responsabilidade
Título próprio Trevas brancas ; Fechado aos Domingos ; A maçã de Adão ; Macacos no sótão
Primeira menção de responsabilidade Pedro Bandeira Freire
Outras menções de responsabilidade Prefácio de Luiz Francisco Rebello
210 ## - Publicação
Local de publicação Lisboa
Nome do editor Sociedade Portuguesa de autores
-- Publicações Dom Quixote
Data de publicação 2001
215 ## - Descrição física 
Paginação / Volumes 356 p.
Outras indicações físicas brochado
Dimensões 21 cm
225 ## - Colecção 
Título próprio da colecção Autores de língua portuguesa
300 ## - Notas gerais 
Texto da nota Contém dedicatória na folha de rosto
606 ## - Nome comum usado como assunto
ID Autoridade 24
Palavra de ordem Literatura Portuguesa
Subdivisão assunto Teatro
675 ## - CDU
Notação 821.134.3-2"19"
Edição PT
Língua por
700 ## - Autor principal (pessoa individual)
ID Autoridade 5404
Apelido Freire
Nome Pedro Bandeira
Datas 1939-2008
702 ## - Autor secundário (pessoa individual)
ID Autoridade 8630
Apelido Rebello
Nome Luís Francisco
801 ## - Fonte de origem
País PT
Agência BMMN
Regras de catalogação RPC
830 ## - Notas gerais do catalogador
Criado por Ana Falardo
Indexado por Ana Falardo
990 ## - Elementos KOHA
Tipo de documento Livro
Exemplares
Situação do levantamento Biblioteca de origem Código de barras Cota Permissão de empréstimo Tipo de documento Nota relativa ao exemplar Forma de aquisição
  Biblioteca Municipal de Montemor-o-Novo 31929 821.134.3-2 FRE|SAF   Livro Acesso Condicionado Oferta

Powered by Koha